000 00808nam a2200253Ia 4500
003 OSt
005 20220923221017.0
006 a|||||r|||| 00| 0
007 ta
008 220922b |||||||| |||| 00| 0 hin d
024 _a193,731
037 _cTextual
040 _aARTS
_cARTS
_bhin
041 _2hin
_ahin
082 _aO152,3xN5, M0
100 _aवत्स, राकेश, संपा.
_9156315
245 0 _aशुरूआत
246 _aShurūāta
260 _aचण्डीगठ
_b हरियाणा साहित्य अकादमी
_c1980
300 _a228पृ.
_ccm.
650 _aहिन्दी साहित्य
_9156264
942 _hO152,3xN5, M0
_cTEXL
_2CC
999 _c346167
_d346167